000 00971cam a2200301 a 4500
001 532661
003 OSt
005 20140310182107.0
008 870527s1988 njua 001 0 eng
010 _a 87013938
020 _a0137230656 (pbk.)
040 _aDLC
_cDLC
_dDLC
050 0 0 _aPE 1413
_b.R37 1988
082 0 0 _aHS 808.042
_bR27 1987
100 1 _aReid, Joy M.
_913158
245 1 4 _aThe process of composition /
_cJoy M. Reid.
250 _a2nd ed.
260 _aEnglewood Cliffs, N.J. :
_bPrentice-Hall,
_cc1988.
300 _a236 p. :
_bill. ;
_c24 cm.
500 _aIncludes index.
650 0 _aEnglish language
_xStudy and teaching
_xForeign speakers.
_913159
650 0 _aEnglish language
_xRhetoric
_xStudy and teaching.
_913160
650 0 _aAcademic writing
_xStudy and teaching.
_913161
906 _a7
_bcbc
_corignew
_d1
_eocip
_f19
_gy-gencatlg
942 _2lcc
_cHS
999 _c9307
_d9307